000 00386nam a2200145 i 4500
001 90816
003 ES-MaACL
005 20230906180552.0
007 t|
008 050125s1971 sp ||||1| spa d
245 0 0 _aLecturas cristianas para nuestro tiempo.
260 _aMadrid :
_bApostolado de la Prensa,
_c[1971]
300 _a92 h. ;
_c20 cm.
852 _aES-MaACL
_jC-44803
_bR.80378
999 _c90816
_d90816